000 00677nam a22002297a 4500
999 _c15117
_d15117
003 AR-CdUCM
008 190425b ||||| |||| 00| 0 spa d
020 _a978-84-205-4312-3
040 _aMUNICIPALIDAD PROVINCIAL DEL CUSCO
_cBIBLIOTECA MUNICIPAL DEL CUSCO
041 _hspa
082 _24ed.
_aEP / 803 /
_bD53
100 _aAmo, Montserrat
_934141
245 _aAl pasar la barca /
260 _aMadrid :
_bPearson educación,
_c2008.
300 _a43 páginas ;
_c20 cm.
_bIlustraciones,
650 _aLiteratura
_983
650 _aInfantil
_96210
650 _aInfancia
_95236
700 _aGonzález,Tesa
_934142
942 _2ddc
_cLIBROS
945 _arah
_d25/04/2019